Solving ordinary differential equations

Guardat en:
Dades bibliogràfiques
Autors principals: Hairer, E (Autor), Norsett, S. P (Autor), Wanner, G (Autor)
Format: Llibre
Idioma:anglès
Publicat: Berlín Springer-Verlag 1987
Col·lecció:Springer Series in Computational Mathematics, 8
Matèries:
Etiquetes: Afegir etiqueta
Sense etiquetes, Sigues el primer a etiquetar aquest registre!

MARC

LEADER 00000nam a2200000 a 4500
001 UCP0790
003 CL-VaPUC
008 990319e19870000GW |||||||||||||||||eng|d
082 0 4 |a 515.35  |b HAI  |2 21 
100 0 |a Hairer, E  |e author  |9 426333 
700 0 |a Norsett, S. P  |e author  |9 426334 
700 0 |a Wanner, G  |e author  |9 426335 
245 1 0 |a Solving ordinary differential equations 
300 |a 480 p 
942 |c BK 
945 |d 19990319 00:00:00  |a crobeson 
260 |a Berlín  |b Springer-Verlag  |c 1987 
650 0 |a Ecuaciones diferenciales  |9 260083 
650 0 |a Ecuaciones diferenciales ordinarias  |9 270041 
650 7 |a PROBLEMAS  |2 CL-VaPUC  |9 269806 
650 0 |a Ejercicios   |9 269807 
583 |a last modification  |c 19990319 00:00:00  |k Rodrigo Vera 
490 0 |a Springer Series in Computational Mathematics, 8 
999 |c 279535  |d 279533 
952 |0 0  |1 0  |4 0  |6 515_350000000000000_HAI_1987  |7 0  |8 A  |9 319098  |a BIBMAT  |b BIBMAT  |d 2019-11-20  |i 1330462  |l 1  |o 515.35 HAI 1987  |p 1330462  |r 2025-01-07  |s 2020-11-19  |w 2019-11-20  |y BK  |k MAT